000 00268nam a22001217a 4500
008 181030b xxu||||| |||| 00| 0 eng d
041 _aeng
080 _a616.8-006
100 _a6
101 _aKAN
245 _aTumors of the Intestines
_cWood, D.A
942 _2udc
_cBK
999 _c51188
_d51188